000
00289nam a22001217a 4500
082
_a
510
_b
KUM/P
245
_a
PRADEEP'S NEW COURSE MATHEMATICS
_b
CLASS XII
246
_a
PRADEEP'S NEW COURSE MATHEMATICS
_b
CLASS XII
250
_a
2014
300
_a
M/8
520
_a
MATHS TEXTBOOK
942
_c
BK
999
_c
241
_d
241